Les formes des régions françaises... ? - Statistiques

Statistiques générales
  • Ce quiz a été pris 44 fois
  • Le résultat moyen est 7 sur 13
Statistiques - réponses
Par images Réponse % Correct
Nouvelle-Aquitaine
94%
Corse
91%
Île-de-France
60%
Occitanie
54%
Pays de la Loire
54%
Auvergne-Rhône-Alpes
46%
Bretagne
46%
Centre-Val de Loire
46%
Normandie
43%
Provence-Alpes-Côte d'Azur
43%
Bourgogne-Franche-Comté
40%
Grand Est
40%
Hauts-de-France
40%
Aucun quiz correspondant
Distribution des résultats
% des personnes avec chaque résultat
Percentile par nombre de réponses
Votre historique - résultats
Vous n’avez pas pris ce quiz